01160nam a22002415i 4500001000700000003000900007005001700016008004100033080001600074100004000090245019300130260008400323300004500407490005500452504003200507650004300539700002700582710006300609830006300672852004100735999001900776952012300795176997ES-MaACL20230906220229.0110223s1964 sz b |||| | spa d a27-726.3(8)1 aPérez Ramírez, Gustavo.914531413aEl problema sacerdotal en América Latina b: (Centroamérica, Antillas Mayores, Venezuela, Ecuador, Perú, Bolivia, Paraguay, Uruguay) / cpor Gustavo Pérez Ramírez e Yvan Labelle. aFriburgo : bOficina Internacional de Investigaciones Sociales de FERES,c1964. a148 p. , [6] h. pleg. : bil. ; c22 cm.1 aEstudios socio-religiosos latino-americanos ; v16 aBibliografía: p. 115-116. 4aSacerdotes-zAmérica Latina.91453411 aLabelle, Yvan.91453402 aOficina Internacional de Investigaciones Sociales.91724761 aEstudios socio-religiosos latino-americanos ; v169183494 aES-MaACLjE-14413 xOlim P-1014-bis c176997d176997 00104070aATENEOMbATENEOMcDEPO2d2011-02-23eDONl0oE-14413p1185898r2023-02-23 00:00:00w2023-02-23yMONOGRAFIA